<?xml version="1.0" encoding="UTF-8"?>
<marc:record xmlns:marc="http://www.loc.gov/MARC21/slim" type="Bibliographic">
   <marc:leader>00000njm a2200000 c 4500</marc:leader>
   <marc:controlfield tag="001">357938305</marc:controlfield>
   <marc:controlfield tag="003">DE-101</marc:controlfield>
   <marc:controlfield tag="005">20171202074407.0</marc:controlfield>
   <marc:controlfield tag="007">s|||||||||||||</marc:controlfield>
   <marc:controlfield tag="008">010809s2001    gw ||||| |||||||||||ger  </marc:controlfield>
   <marc:datafield ind1=" " ind2=" " tag="015">
      <marc:subfield code="a">01,T10,0632</marc:subfield>
      <marc:subfield code="2">dnb</marc:subfield>
   </marc:datafield>
   <marc:datafield ind1="7" ind2=" " tag="016">
      <marc:subfield code="2">DE-101</marc:subfield>
      <marc:subfield code="a">357938305</marc:subfield>
   </marc:datafield>
   <marc:datafield ind1=" " ind2=" " tag="020">
      <marc:subfield code="a">9783895925221</marc:subfield>
      <marc:subfield code="9">978-3-89592-522-1</marc:subfield>
   </marc:datafield>
   <marc:datafield ind1=" " ind2=" " tag="020">
      <marc:subfield code="a">3895925225</marc:subfield>
      <marc:subfield code="9">3-89592-522-5</marc:subfield>
   </marc:datafield>
   <marc:datafield ind1="3" ind2=" " tag="024">
      <marc:subfield code="a">4012144051424</marc:subfield>
   </marc:datafield>
   <marc:datafield ind1="7" ind2=" " tag="024">
      <marc:subfield code="2">urn</marc:subfield>
      <marc:subfield code="a">urn:nbn:de:101:1-2014013013515</marc:subfield>
   </marc:datafield>
   <marc:datafield ind1="3" ind2="2" tag="028">
      <marc:subfield code="b">Jumbo (LC 06983)</marc:subfield>
      <marc:subfield code="a">440 514-2</marc:subfield>
   </marc:datafield>
   <marc:datafield ind1=" " ind2=" " tag="035">
      <marc:subfield code="a">(DE-599)DNB357938305</marc:subfield>
   </marc:datafield>
   <marc:datafield ind1=" " ind2=" " tag="035">
      <marc:subfield code="a">(OCoLC)1183586224</marc:subfield>
   </marc:datafield>
   <marc:datafield ind1=" " ind2=" " tag="035">
      <marc:subfield code="a">(OCoLC)314836770</marc:subfield>
   </marc:datafield>
   <marc:datafield ind1=" " ind2=" " tag="040">
      <marc:subfield code="a">1300</marc:subfield>
      <marc:subfield code="b">ger</marc:subfield>
      <marc:subfield code="c">DE-101</marc:subfield>
      <marc:subfield code="d">9999</marc:subfield>
   </marc:datafield>
   <marc:datafield ind1=" " ind2=" " tag="041">
      <marc:subfield code="a">ger</marc:subfield>
   </marc:datafield>
   <marc:datafield ind1=" " ind2=" " tag="044">
      <marc:subfield code="c">XA-DE</marc:subfield>
   </marc:datafield>
   <marc:datafield ind1=" " ind2=" " tag="084">
      <marc:subfield code="a">10a</marc:subfield>
      <marc:subfield code="q">DE-101</marc:subfield>
      <marc:subfield code="2">sdnb</marc:subfield>
   </marc:datafield>
   <marc:datafield ind1="0" ind2="0" tag="245">
      <marc:subfield code="a">Lieber, guter Weihnachtsmann</marc:subfield>
      <marc:subfield code="b">Lieder und Verse zur Weihnachtszeit</marc:subfield>
   </marc:datafield>
   <marc:datafield ind1=" " ind2="1" tag="264">
      <marc:subfield code="a">Hamburg</marc:subfield>
      <marc:subfield code="b">Jumbo</marc:subfield>
      <marc:subfield code="c">[2001]</marc:subfield>
   </marc:datafield>
   <marc:datafield ind1=" " ind2=" " tag="300">
      <marc:subfield code="a">1 Compact Disc</marc:subfield>
      <marc:subfield code="e">Beil.</marc:subfield>
   </marc:datafield>
   <marc:datafield ind1=" " ind2=" " tag="336">
      <marc:subfield code="a">aufgeführte Musik</marc:subfield>
      <marc:subfield code="b">prm</marc:subfield>
      <marc:subfield code="2">rdacontent</marc:subfield>
   </marc:datafield>
   <marc:datafield ind1=" " ind2=" " tag="337">
      <marc:subfield code="a">audio</marc:subfield>
      <marc:subfield code="b">s</marc:subfield>
      <marc:subfield code="2">rdamedia</marc:subfield>
   </marc:datafield>
   <marc:datafield ind1=" " ind2=" " tag="338">
      <marc:subfield code="a">Audiodisk</marc:subfield>
      <marc:subfield code="b">sd</marc:subfield>
      <marc:subfield code="2">rdacarrier</marc:subfield>
   </marc:datafield>
   <marc:datafield ind1=" " ind2=" " tag="500">
      <marc:subfield code="a">Interpr. u.a.: P 2000.</marc:subfield>
   </marc:datafield>
   <marc:datafield ind1="8" ind2=" " tag="505">
      <marc:subfield code="a">Hört das Lied der Sternensinger. In dulci jubilo. Kling, Glöckchen, kling. Wiegenlied für das Jesuskind. Es ist für uns eine Zeit angekommen. Es ist ein Ros entsprungen. Bleibet wach. Tochter Zion, freue dich. Alle Jahre wieder. Drei Kön'ge wandern aus Morgenland. Stille Nacht, heilige Nacht.  Kommet, ihr Hirten. Macht hoch die Tür. Maria durch ein Dornwald ging. Leise rieselt der Schnee. - Texte: Nussknacker. Lieber guter Weihnachtsmann. Stern über Bethlehem. Weihnachtsbäumlein.</marc:subfield>
   </marc:datafield>
   <marc:datafield ind1="0" ind2=" " tag="511">
      <marc:subfield code="a">Maske, Ulrich [Gsg]. Friz, Thomas [Gsg].</marc:subfield>
   </marc:datafield>
   <marc:datafield ind1="1" ind2=" " tag="583">
      <marc:subfield code="a">Archivierung/Langzeitarchivierung gewährleistet</marc:subfield>
      <marc:subfield code="5">DE-101</marc:subfield>
      <marc:subfield code="2">pdager</marc:subfield>
   </marc:datafield>
   <marc:datafield ind1=" " ind2="7" tag="655">
      <marc:subfield code="0">(DE-588)4522869-3</marc:subfield>
      <marc:subfield code="0">https://d-nb.info/gnd/4522869-3</marc:subfield>
      <marc:subfield code="0">(DE-101)955174880</marc:subfield>
      <marc:subfield code="a">CD</marc:subfield>
      <marc:subfield code="2">gnd-carrier</marc:subfield>
   </marc:datafield>
   <marc:datafield ind1="1" ind2=" " tag="700">
      <marc:subfield code="0">(DE-588)108096831</marc:subfield>
      <marc:subfield code="0">https://d-nb.info/gnd/108096831</marc:subfield>
      <marc:subfield code="0">(DE-101)108096831</marc:subfield>
      <marc:subfield code="a">Maske, Ulrich</marc:subfield>
      <marc:subfield code="d">1950-</marc:subfield>
      <marc:subfield code="e">Sänger</marc:subfield>
      <marc:subfield code="4">sng</marc:subfield>
      <marc:subfield code="2">gnd</marc:subfield>
   </marc:datafield>
   <marc:datafield ind1="1" ind2=" " tag="700">
      <marc:subfield code="0">(DE-588)134378865</marc:subfield>
      <marc:subfield code="0">https://d-nb.info/gnd/134378865</marc:subfield>
      <marc:subfield code="0">(DE-101)134378865</marc:subfield>
      <marc:subfield code="a">Friz, Thomas</marc:subfield>
      <marc:subfield code="d">1950-2023</marc:subfield>
      <marc:subfield code="e">Sänger</marc:subfield>
      <marc:subfield code="4">sng</marc:subfield>
      <marc:subfield code="2">gnd</marc:subfield>
   </marc:datafield>
   <marc:datafield ind1="1" ind2=" " tag="700">
      <marc:subfield code="0">(DE-588)135231272</marc:subfield>
      <marc:subfield code="0">https://d-nb.info/gnd/135231272</marc:subfield>
      <marc:subfield code="0">(DE-101)135231272</marc:subfield>
      <marc:subfield code="a">Nagel, Rolf</marc:subfield>
      <marc:subfield code="e">Erzähler</marc:subfield>
      <marc:subfield code="4">nrt</marc:subfield>
      <marc:subfield code="2">gnd</marc:subfield>
   </marc:datafield>
   <marc:datafield ind1="2" ind2=" " tag="710">
      <marc:subfield code="0">(DE-588)5560042-6</marc:subfield>
      <marc:subfield code="0">https://d-nb.info/gnd/5560042-6</marc:subfield>
      <marc:subfield code="0">(DE-101)973018011</marc:subfield>
      <marc:subfield code="a">Wunder-Welt-Ensemble</marc:subfield>
      <marc:subfield code="e">Ausführender</marc:subfield>
      <marc:subfield code="4">prf</marc:subfield>
      <marc:subfield code="2">gnd</marc:subfield>
   </marc:datafield>
   <marc:datafield ind1="2" ind2=" " tag="710">
      <marc:subfield code="0">(DE-588)6030112-0</marc:subfield>
      <marc:subfield code="0">https://d-nb.info/gnd/6030112-0</marc:subfield>
      <marc:subfield code="0">(DE-101)962632007</marc:subfield>
      <marc:subfield code="a">Kinderchor Cantilene</marc:subfield>
      <marc:subfield code="g">Hamburg</marc:subfield>
      <marc:subfield code="e">Ausführender</marc:subfield>
      <marc:subfield code="4">prf</marc:subfield>
      <marc:subfield code="2">gnd</marc:subfield>
   </marc:datafield>
   <marc:datafield ind1=" " ind2=" " tag="850">
      <marc:subfield code="a">DE-101a</marc:subfield>
      <marc:subfield code="a">DE-101b</marc:subfield>
   </marc:datafield>
   <marc:datafield ind1="4" ind2="0" tag="856">
      <marc:subfield code="u">https://nbn-resolving.org/urn:nbn:de:101:1-2014013013515</marc:subfield>
      <marc:subfield code="x">Resolving-System</marc:subfield>
   </marc:datafield>
   <marc:datafield ind1="r" ind2=" " tag="925">
      <marc:subfield code="a">rt</marc:subfield>
   </marc:datafield>
   <marc:datafield ind1="d" ind2=" " tag="925">
      <marc:subfield code="a">m001</marc:subfield>
   </marc:datafield>
</marc:record>
